000 00476nam a2200181Ia 4500
001 18227
005 20260306171615.0
008 260306s9999||||xx |||||||||||||| ||und||
041 _aESP
082 _a658.4013
_bP66
100 _aPlatas García, José Armando
_eAUT
245 0 _aGestión integral de la calidad:
_bun enfoque por competencias
260 _c2017
300 _axvi, 268 páginas :
_c25 cm.
650 _aGEN
654 _aCAN
942 _cLIB
_dJUS
_fJUS
_2ddc
_n
999 _c18227
_d18227